Größte Städte nach Land #3 - Statistiken

Allgemein
  • Dieses Quiz wurde 67 mal gespielt
  • Das Durchschnittsergebnis liegt bei 19 aus 30
Antwortstatistiken
Antwort % Korrekt
Rom
100%
Mailand
98%
Stockholm
98%
Sydney
98%
Neapel
97%
Melbourne
94%
Bogotá
92%
Jakarta
92%
Turin
92%
Göteborg
87%
Malmö
87%
Casablanca
84%
Perth
84%
Palermo
83%
Adelaide
76%
Brisbane
76%
Marrakesch
68%
Medellín
62%
Fès
51%
Uppsala
51%
Cali
43%
Tanger
35%
Surabaya
30%
Bandung
29%
Barranquilla
25%
Cartagena de Indias
14%
Linköping
14%
Medan
13%
Oujda
8%
Palembang
6%
Keine übereinstimmenden Quizze gefunden
Verteilung der Resultate
Anzahl Personen mit jedem Resultat
Perzentil nach korrekt beantworteten Fragen
Ihre Resultats-Entwicklung
Sie haben dieses Quiz noch nicht gespielt